Statistiques concernant Les équipes de la OHL

Cliquez ici pour prendre le quiz!

Statistiques générales

  • Ce quiz a été pris 5 fois
  • Le résultat moyen est 10 sur 20

Statistiques - réponses

Réponse% Correct
Knights de London
100%
Otters d'Érié
100%
Colts de Barrie
80%
Ice Dogs de Niagara
80%
Frontenacs de Kingston
60%
Rangers de Kitchener
60%
Spitfires de Windsor
60%
Steelheads de Mississauga
60%
67's d'Ottawa
40%
Battalion de North Bay
40%
Bulldogs de Hamilton
40%
Firebirds de Flint
40%
Generals d'Oshawa
40%
Petes de Peterborough
40%
Spirit de Saginaw
40%
Sting de Sarnia
40%
Storm de Guelph
40%
Attack d'Owen Sound
20%
Greyhounds de Sault-Sainte-Marie
20%
Wolves de Sudbury
20%

Distribution des résultats

Percentile par nombre de réponses

% des personnes avec chaque résultat

Votre développement - résultats

Vous n’avez pas pris ce quiz